00393nam a2200133Ia 4500008004100000082002500041100002000066245005900086250001000145260002200155300001100177500002100188650005000209120622s9999 xx 000 0 und d a638.10973 M497a 1974 aMcGregor, S. E. aLa apícultura en los Estados Unidos / S. E. McGregor a2a ed aMéxico : Limusa a150 p. aIncluye glosario a1. APICULTURA - ESTADOS UNIDOS \ 2. ABEJASÌ